Gender ethnicity and psychiatric ethics: the too hard basket (case) (Record no. 86585)

000 -LEADER
fixed length control field 00410pab a2200169 454500
008 - FIXED-LENGTH DATA ELEMENTS--GENERAL INFORMATION
fixed length control field 180718b2010 xxu||||| |||| 00| 0 eng d
100 ## - MAIN ENTRY--PERSONAL NAME
Personal name Sharma, Renuka
245 ## - TITLE STATEMENT
Title Gender ethnicity and psychiatric ethics: the too hard basket (case)
260 ## - PUBLICATION, DISTRIBUTION, ETC.
Date of publication, distribution, etc. 2010
300 ## - PHYSICAL DESCRIPTION
Extent p.243-53.
362 ## - DATES OF PUBLICATION AND/OR SEQUENTIAL DESIGNATION
Dates of publication and/or sequential designation Jan-Jun
650 ## - SUBJECT ADDED ENTRY--TOPICAL TERM
Topical term or geographic name entry element Ethnicity
650 ## - SUBJECT ADDED ENTRY--TOPICAL TERM
Topical term or geographic name entry element Women
773 ## - HOST ITEM ENTRY
Main entry heading Man in India
908 ## - PUT COMMAND PARAMETER (RLIN)
Put command parameter N
909 ## -
-- 86585
Holdings
Withdrawn status Lost status Damaged status Not for loan Permanent Location Current Location Date acquired Serial Enumeration / chronology Barcode Date last seen Price effective from Koha item type
        Indian Institute of Public Administration Indian Institute of Public Administration 2018-07-19 Volume no: 90, Issue no: 1-2 AR87045 2018-07-19 2018-07-19 Articles

Powered by Koha